Top 10 des villes où les loyers sont les moins chers de France - Statistiques

Statistiques générales
  • Ce quiz a été pris 29 fois
  • Le résultat moyen est 6 sur 10
Statistiques - réponses
Indice Réponse % Correct
1.ST Saint-Étienne
79%
8.Rn Rennes
75%
9.Gr Grenoble
71%
3.An Angers
63%
2.Ni Nîmes
63%
4.To Toulon
58%
6.Di Dijon
54%
7.Re Reims
50%
5.Le Le Havre
29%
10.Vi Villeurbanne
21%
Aucun quiz correspondant
Distribution des résultats
% des personnes avec chaque résultat
Percentile par nombre de réponses
Votre historique - résultats
Vous n’avez pas pris ce quiz